Statistics for Country Names Containing Both B and Z

Click here to take the quiz!

General Stats

  • This quiz has been taken 75 times
  • The average score is 6 of 9

Answer Stats

Answer % Correct
Zambia
97%
Zimbabwe
95%
Azerbaijan
75%
Belize
75%
Brazil
75%
Uzbekistan
67%
Mozambique
61%
Bosnia and Herzegovina
59%
Czech Republic
30%

Score Distribution

Percentile by Number Answered

Percent of People with Each Score

Your Score History

You have not taken this quiz